| 000 | 00668cam a2200241 4500 | ||
|---|---|---|---|
| 001 | B1115 | ||
| 008 | 090401t1987 xxu||||| |||| 00| 0 eng d | ||
| 035 | _a(Sirsi) u42620 | ||
| 041 | _aeng | ||
| 050 | _a333.337 | ||
| 110 |
_aIndustrial Market Research Limited _91960 |
||
| 245 | _aPrivate office refurbishment : the current market and future prospects | ||
| 260 |
_aLondon _bTouche Ross _c1987 |
||
| 300 | _aiii,24leaves : ill.,maps ; 30cm. | ||
| 350 | _a0 | ||
| 520 | _aCommissioned by Touche Ross. | ||
| 650 | _aBUILT ENVIRONMENT-BUILDING COSTS | ||
| 650 | _aLONDON | ||
| 650 | _aOFFICES | ||
| 650 | _aTOUCHE ROSS | ||
| 942 | _n0 | ||
| 948 | _c04/03/1997 | ||
| 999 |
_c91162 _d91162 |
||